Normal view
MARC view
Entry Personal Name
001 - CONTROL NUMBER
- control field: 16959
003 - CONTROL NUMBER IDENTIFIER
- control field: OSt
005 - DATE AND TIME OF LATEST TRANSACTION
- control field: 20240415170422.0
008 - FIXED-LENGTH DATA ELEMENTS
- fixed length control field: 240415|| aca||aabn | a|a d
040 ## - CATALOGING SOURCE
- Original cataloging agency: OSt
- Transcribing agency: OSt
100 ## - HEADING--PERSONAL NAME
- Personal name: Edited by Marks, David
670 ## - SOURCE DATA FOUND
- Source citation: Work cat.: (OSt)7896: Edited by Marks, David, The Health Psychology Reader , 2002.
